000 00757nam a2200205Ia 4500
003 0
005 20250130143504.0
008 150126s9999 xx 000 0 und d
050 _aPHS LB 1049
_b.Sh556 2014
100 _aShin, Jeong Seop.
245 _aStudy habits and preferred music genre of grade 10 and 11 students of SISC /
_cJeong Seop Shin.
260 _aLas PiƱas City, Philippines :
_bSouthville International School and Colleges,
_c2014.
300 _a29 pages :
_billustration ;
_c28 cm.
504 _aIncludes bibliographical references.
650 _aStudy skills
_vPsychological aspects.
650 _aMusic
_vPsychological aspects.
650 _aStudents
_vStudy habits.
650 _aMusic preferences
_vAdolescents.
942 _2lcc
_cPASS
999 _c278703
_d278703